| 000 | 00906cam a22002411 4500 | ||
|---|---|---|---|
| 001 | ca 10004984 | ||
| 003 | DLC | ||
| 005 | 20260227111054.0 | ||
| 008 | 790601s1877 cau 000 0 eng | ||
| 010 | _aca 10004984 | ||
| 035 | _a(OCoLC)5025401 | ||
| 040 |
_aDLC _cCLobS _dOCoLC _dDLC |
||
| 042 | _apremarc | ||
| 050 | 0 | 0 |
_aJV6875 1877 _b.C5 |
| 051 |
_aYA 17179 _cCopy no. undetermined. |
||
| 110 | 2 | _aChinese Consolidated Benevolent Association, Calif. | |
| 245 | 1 | 0 |
_aMemorial of the Six Chinese companies. _bAn address to the Senate and House of Representatives of the United States. Testimony of California's leading citizens before the Joint Special Congressional Committee. |
| 260 |
_aSan Francisco, _b[Alta Print.] _c1877. |
||
| 300 |
_a1 p. l., 53 p. _c23 cm. |
||
| 650 | 0 |
_aChinese _zCalifornia. |
|
| 650 | 0 |
_aLabor _zCalifornia. |
|
| 710 | 2 |
_aYA Pamphlet Collection (Library of Congress) _5DLC |
|
| 999 |
_c14396 _d14396 |
||